[Event "78th ch-RUS 2025"]
[Site "Moscow RUS"]
[Date "2025.10.09"]
[Round "8.4"]
[White "Ponkratov, Pavel"]
[Black "Artemiev, Vladislav"]
[Result "1/2-1/2"]
[WhiteTitle "GM"]
[BlackTitle "GM"]
[WhiteElo "2586"]
[BlackElo "2646"]
[WhiteFideId "4157800"]
[BlackFideId "24101605"]
[EventDate "2025.10.01"]

1. e4 e5 2. Nf3 Nc6 3. Bb5 Nf6 4. O-O Nxe4 5. Re1 Nd6 6. Nxe5 Be7 7. Bf1 Nxe5 8.
Rxe5 O-O 9. d4 Bf6 10. Re1 Nf5 11. d5 Re8 12. Nd2 Rxe1 13. Qxe1 b6 14. Bd3 Qe7
15. Qe4 d6 16. g4 Qxe4 17. Nxe4 Nd4 18. Nxf6+ gxf6 19. h3 Nf3+ 20. Kf1 h5 21.
gxh5 Bxh3+ 22. Ke2 Bg4 23. Be3 Ne5+ 24. Kd2 Nxd3 25. Kxd3 Bxh5 26. Rg1+ Kf8 27.
Re1 Bg6+ 28. Kc4 a6 29. Bh6+ Kg8 30. c3 Kh7 31. Bf4 Kg7 32. Kd4 b5 33. b3 Rh8
34. Bg3 Kf8 35. c4 bxc4 36. bxc4 f5 37. Kc3 f4 38. Bxf4 a5 39. Bg3 Rh5 40. Kb3
Bd3 41. Re3 Bf1 42. Re4 f5 43. Re3 Kf7 44. Rc3 Be2 45. Re3 Bf1 46. Re1 Bd3 47.
Rd1 Be2 48. Rd2 Bf1 49. Rd4 Be2 50. Bh4 Bd1+ 51. Ka3 Ke8 52. Bg3 Rh1 53. Rd3 Kd7
54. Rc3 Rh3 55. Kb2 Bh5 56. c5 Bf7 57. cxd6 cxd6 58. Rf3 Rh5 59. Rf4 Bxd5 60.
Ra4 f4 61. Bxf4 Bc6 62. Rd4 Rb5+ 63. Kc3 1/2-1/2

[Event "78th ch-RUS 2025"]
[Site "Moscow RUS"]
[Date "2025.10.09"]
[Round "8.5"]
[White "Zemlyanskii, Ivan"]
[Black "Esipenko, Andrey"]
[Result "1/2-1/2"]
[WhiteTitle "GM"]
[BlackTitle "GM"]
[WhiteElo "2596"]
[BlackElo "2693"]
[WhiteFideId "24249971"]
[BlackFideId "24175439"]
[EventDate "2025.10.01"]

1. d4 d5 2. c4 e6 3. Nc3 Be7 4. cxd5 exd5 5. Bf4 Nf6 6. e3 O-O 7. Bd3 c5 8. Nge2
Nc6 9. dxc5 Bxc5 10. O-O d4 11. exd4 Nxd4 12. Nxd4 Qxd4 13. Be3 Qe5 14. Bxc5
Qxc5 15. Qf3 Qb4 16. b3 Bg4 17. Nd5 Nxd5 18. Qxd5 Rad8 19. Qe4 Qxe4 20. Bxe4 b6
21. f3 Be6 22. Rfd1 g6 23. Kf2 Rxd1 24. Rxd1 Rc8 25. Ke3 Kf8 26. Rd2 Rc5 27. Rc2
Ra5 28. Kd4 Ke7 29. g3 Kd6 30. Rc6+ Kd7 31. Rc2 Kd6 32. Rc6+ Kd7 33. Rc2 Kd6 1/2-1/2

[Event "78th ch-RUS 2025"]
[Site "Moscow RUS"]
[Date "2025.10.09"]
[Round "8.6"]
[White "Nesterov, Arseniy"]
[Black "Dubov, Daniil"]
[Result "1/2-1/2"]
[WhiteTitle "GM"]
[BlackTitle "GM"]
[WhiteElo "2584"]
[BlackElo "2684"]
[WhiteFideId "24198455"]
[BlackFideId "24126055"]
[EventDate "2025.10.01"]

1. d4 d6 2. Nf3 f5 3. g3 Nf6 4. Bg2 g6 5. O-O Bg7 6. b3 O-O 7. Bb2 Qe8 8. Re1
Ne4 9. Nbd2 Nc6 10. e3 Nxd2 11. Qxd2 e5 12. dxe5 dxe5 13. Rad1 Qe7 14. Qc1 Re8
15. Nd2 Be6 16. Bxc6 bxc6 17. Qa1 Bf7 18. e4 Rad8 19. exf5 gxf5 20. Nc4 Bxc4 21.
Rxd8 Rxd8 22. bxc4 Qc5 23. Bxe5 Rd2 24. Re3 Bh6 25. Bf4 Bxf4 26. gxf4 Qd4 27.
Qxd4 Rxd4 28. Ra3 Rxc4 29. Rxa7 Rxc2 30. Rxc7 Rxa2 31. Rxc6 Ra4 32. Kg2 Rxf4 33.
Kg3 Rg4+ 34. Kf3 Rh4 35. Kg3 Rg4+ 36. Kf3 Rh4 37. Kg3 Rg4+ 1/2-1/2

[Event "78th ch-RUS 2025"]
[Site "Moscow RUS"]
[Date "2025.10.10"]
[Round "9.1"]
[White "Dubov, Daniil"]
[Black "Vetokhin, Savva"]
[Result "1/2-1/2"]
[WhiteTitle "GM"]
[BlackTitle "GM"]
[WhiteElo "2684"]
[BlackElo "2569"]
[WhiteFideId "24126055"]
[BlackFideId "44144474"]
[EventDate "2025.10.01"]

1. g3 Nf6 2. Bg2 d5 3. Nf3 e6 4. d3 Be7 5. Nbd2 Nc6 6. e4 dxe4 7. dxe4 e5 8. Qe2
Bc5 9. Nc4 Qe7 10. c3 a5 11. Ne3 Bxe3 12. Qxe3 a4 13. O-O Be6 14. Nh4 O-O 15. h3
Rfd8 16. Re1 Qd7 17. Kh2 Qd3 18. Qxd3 Rxd3 19. Bf1 Rdd8 20. f4 Na5 21. Bb5 Bd7
22. Bf1 Be6 23. Bb5 Bd7 24. Bf1 Bc6 25. fxe5 Nxe4 26. Nf5 Nd2 27. Bg2 Bxg2 28.
Kxg2 Ndc4 29. Bg5 Re8 30. Rad1 Rxe5 31. Rxe5 Nxe5 32. Rd8+ Rxd8 33. Bxd8 Nec4
34. Bxc7 b6 35. Kf3 Kf8 36. Ke4 Ke8 37. Nxg7+ Kd7 38. Bf4 Nxb2 39. Nh5 Ke6 40.
Ng7+ Kd7 41. Nh5 Nd1 42. Kd4 Nc6+ 43. Kc4 b5+ 44. Kxb5 1/2-1/2

[Event "78th ch-RUS 2025"]
[Site "Moscow RUS"]
[Date "2025.10.10"]
[Round "9.2"]
[White "Esipenko, Andrey"]
[Black "Nesterov, Arseniy"]
[Result "1/2-1/2"]
[WhiteTitle "GM"]
[BlackTitle "GM"]
[WhiteElo "2693"]
[BlackElo "2584"]
[WhiteFideId "24175439"]
[BlackFideId "24198455"]
[EventDate "2025.10.01"]

1. e4 e5 2. Nf3 Nf6 3. d3 Nc6 4. g3 d5 5. exd5 Nxd5 6. Bg2 Bd6 7. O-O O-O 8. a3
a5 9. b3 Re8 10. Bb2 Bg4 11. h3 Bh5 12. Nbd2 Nb6 13. Re1 f6 14. Ne4 Bf8 15. Qd2
Qd7 16. g4 Bf7 17. c4 Rad8 18. Rad1 Nc8 19. Qe3 Nd4 20. Nxd4 exd4 21. Qg3 Nd6
22. Nc5 Rxe1+ 23. Rxe1 Qc8 24. b4 axb4 25. axb4 b6 26. Nb3 b5 27. Nxd4 bxc4 28.
Rc1 h5 29. Bf1 c5 30. bxc5 Qxc5 31. dxc4 Qb6 32. Ba1 Ne4 33. Qe3 Re8 34. Bg2 Ng5
35. Qd2 hxg4 36. hxg4 Rd8 37. Qb2 Qc5 38. Nf5 Be6 39. Qc2 Rc8 40. Ne3 Qa7 41.
Bd5 Bxd5 42. Nxd5 Qd7 43. Qd1 Qe6 44. Nf4 Qe4 45. Qd5+ Qxd5 46. Nxd5 Nf3+ 47.
Kg2 Nd2 48. Ne3 Bc5 49. Nf1 Ne4 50. f3 Nd6 51. Rc2 1/2-1/2

[Event "78th ch-RUS 2025"]
[Site "Moscow RUS"]
[Date "2025.10.10"]
[Round "9.3"]
[White "Artemiev, Vladislav"]
[Black "Zemlyanskii, Ivan"]
[Result "0-1"]
[WhiteTitle "GM"]
[BlackTitle "GM"]
[WhiteElo "2646"]
[BlackElo "2596"]
[WhiteFideId "24101605"]
[BlackFideId "24249971"]
[EventDate "2025.10.01"]

1. c4 Nf6 2. Nc3 c5 3. g3 g6 4. Bg2 Bg7 5. Nh3 h5 6. b3 Nc6 7. Bb2 d6 8. Ne4 e5
9. Nhg5 h4 10. Nxf6+ Qxf6 11. Ne4 Qe7 12. Nc3 Be6 13. d3 Qd7 14. e3 O-O-O 15.
Qe2 Kb8 16. O-O-O Ne7 17. Ne4 h3 18. Bf3 f5 19. Nc3 g5 20. Rhe1 Rhf8 21. Rd2 Bh6
22. Kb1 f4 23. exf4 gxf4 24. g4 Ng6 25. Ne4 Nh4 26. Nxd6 Nxf3 27. Qxf3 Bg7 28.
Nf5 Bxf5 29. gxf5 Qxf5 30. Kc2 Bf6 31. Rde2 Rfe8 32. Rg1 a6 33. Qe4 Qxe4 34.
Rxe4 Rg8 35. Rxg8 Rxg8 36. Kd2 Rg5 37. Ke2 Kc7 38. Kf1 Kd6 39. f3 b5 40. Re2 Rg8
41. cxb5 axb5 42. Bc3 Ra8 43. Be1 Kd5 44. Bf2 Be7 45. Rc2 Bd6 46. Re2 c4 47.
dxc4+ bxc4 48. bxc4+ Kc6 49. c5 Bc7 50. Rb2 Ra3 51. Ke2 Rc3 52. Be1 Re3+ 53. Kf2
Bd8 54. Re2 Bh4+ 55. Kf1 Rxf3+ 56. Kg1 Bf6 57. Bb4 Rd3 58. Kf1 f3 59. Re4 Kd5
60. Re1 Bh4 61. Rc1 e4 62. Be1 Bxe1 63. Kxe1 Kc6 64. Kf2 Rd2+ 65. Kg3 Rg2+ 66.
Kf4 Re2 67. Rf1 f2 68. Kg3 e3 69. Kxh3 Rd2 70. Kg2 e2 71. Rxf2 e1=Q 0-1

[Event "78th ch-RUS 2025"]
[Site "Moscow RUS"]
[Date "2025.10.10"]
[Round "9.4"]
[White "Lobanov, Sergei"]
[Black "Ponkratov, Pavel"]
[Result "0-1"]
[WhiteTitle "GM"]
[BlackTitle "GM"]
[WhiteElo "2526"]
[BlackElo "2586"]
[WhiteFideId "24183750"]
[BlackFideId "4157800"]
[EventDate "2025.10.01"]

1. c4 e5 2. Nc3 Nf6 3. Nf3 Nc6 4. g3 d5 5. cxd5 Nxd5 6. Bg2 Nb6 7. b3 Bf5 8. Bb2
Qd7 9. O-O f6 10. a4 a6 11. a5 Nc8 12. Ra4 Bc5 13. Qc1 Nd6 14. e3 Bd3 15. Rd1
Ba7 16. Ne1 Bf5 17. d3 Be6 18. Bd5 Bxd5 19. Nxd5 Qf7 20. e4 f5 21. Rd2 O-O 22.
Qc2 Nb5 23. Kg2 Rad8 24. f3 Kh8 25. Qd1 Ncd4 26. Rc4 c6 27. Nb6 Rd6 28. Rf2 Qh5
29. b4 Rfd8 30. exf5 Qxf5 31. Rc5 Qe6 32. Rc4 h6 33. Qc1 Qg6 34. Qe3 Re6 35. Rc5
Rde8 36. Qe4 Qf6 37. Qe3 Bxb6 38. axb6 Qd8 39. Nc2 Qxb6 40. Qe1 a5 41. Na3 Nxa3
42. Bxa3 axb4 43. Bxb4 Qd8 44. Qe4 b6 45. Rc1 c5 46. Bc3 Qa8 47. Ra1 Qc8 48.
Rfa2 Qc6 49. Qxc6 Rxc6 50. Re1 Rd6 51. Ra6 Ree6 52. Ra8+ Kh7 53. Rb8 Kg6 54. Rb7
Kf6 55. Re4 g5 56. h4 Nb5 57. hxg5+ hxg5 58. Ba1 Rxd3 59. Rxe5 Rxe5 60. Rxb6+
Nd6 61. f4 Kf5 62. Bxe5 Rd2+ 63. Kf1 Nc4 64. Rc6 Rc2 65. Bg7 Ne3+ 66. Kg1 Kg4
67. fxg5 Kf3 68. Rf6+ Kxg3 0-1

[Event "78th ch-RUS 2025"]
[Site "Moscow RUS"]
[Date "2025.10.10"]
[Round "9.5"]
[White "Iljiushenok, Ilia"]
[Black "Zvjaginsev, Vadim"]
[Result "1/2-1/2"]
[WhiteTitle "GM"]
[BlackTitle "GM"]
[WhiteElo "2514"]
[BlackElo "2528"]
[WhiteFideId "24105074"]
[BlackFideId "4113403"]
[EventDate "2025.10.01"]

1. e4 e5 2. Nf3 Nc6 3. d4 exd4 4. Nxd4 Nf6 5. Nc3 Bb4 6. Nxc6 bxc6 7. Bd3 d5 8.
exd5 O-O 9. O-O Bg4 10. f3 Bh5 11. Bg5 cxd5 12. Nxd5 Qxd5 13. Bxf6 Qc5+ 14. Kh1
gxf6 15. a3 Ba5 16. b4 Bxb4 17. axb4 Qxb4 18. Ra6 Qc3 19. Qa1 Qxa1 20. Rfxa1 Bg6
21. Rxa7 Rxa7 22. Rxa7 Bxd3 23. cxd3 Rd8 24. Rxc7 Rxd3 25. h3 Kg7 26. Kh2 Kg6
27. Rc6 Kg7 28. Rc7 Kg6 29. Rc6 Kg7 30. Rc7 1/2-1/2

[Event "78th ch-RUS 2025"]
[Site "Moscow RUS"]
[Date "2025.10.10"]
[Round "9.6"]
[White "Uskov, Artem"]
[Black "Malakhov, Vladimir"]
[Result "0-1"]
[WhiteTitle "GM"]
[BlackTitle "GM"]
[WhiteElo "2498"]
[BlackElo "2643"]
[WhiteFideId "34254854"]
[BlackFideId "4120787"]
[EventDate "2025.10.01"]

1. Nf3 d5 2. g3 c6 3. Bg2 Bg4 4. O-O Nd7 5. h3 Bh5 6. d3 Ngf6 7. Qe1 e5 8. e4
dxe4 9. dxe4 Be7 10. Nh4 O-O 11. Nf5 Bc5 12. b4 Bb6 13. c4 a5 14. c5 Bc7 15. Be3
Bg6 16. b5 Bxf5 17. exf5 e4 18. Nd2 Qe7 19. b6 Bb8 20. Rc1 Qe5 21. Rc4 Qxf5 22.
Nxe4 Nxe4 23. Rxe4 Nxc5 24. Rh4 Bd6 25. Qc3 Rfe8 26. Rd1 Bf8 27. Rf4 Qe5 28. Qc2
g6 29. Bd4 Qe2 30. Rd2 Qe1+ 31. Bf1 Ne6 32. Re4 Nxd4 33. Rdxd4 Rxe4 34. Rxe4 Qa1
35. Qd2 Qb1 36. Rd4 Re8 37. Kg2 Qxb6 38. Rd7 Re7 39. Rd8 Qb4 40. Qh6 Re1 41. Bd3
Qe7 42. Ra8 Rd1 43. Be2 Rd8 44. Rxd8 Qxd8 45. Qe3 Qd5+ 46. Bf3 Qxa2 47. Qb6 h5
48. h4 a4 49. Qxb7 Bc5 50. Qxc6 Qxf2+ 51. Kh3 Bd6 52. Qxd6 Qxf3 53. Kh2 a3 54.
Qd2 Qf6 0-1

[Event "78th ch-RUS 2025"]
[Site "Moscow RUS"]
[Date "2025.10.11"]
[Round "10.1"]
[White "Vetokhin, Savva"]
[Black "Malakhov, Vladimir"]
[Result "1-0"]
[WhiteTitle "GM"]
[BlackTitle "GM"]
[WhiteElo "2569"]
[BlackElo "2643"]
[WhiteFideId "44144474"]
[BlackFideId "4120787"]
[EventDate "2025.10.01"]

1. d4 d5 2. Nc3 Nf6 3. Bf4 a6 4. e3 e6 5. h4 b5 6. g4 b4 7. Na4 Bd7 8. c4 dxc4
9. Bxc4 Bc6 10. Nf3 Nxg4 11. h5 Bd6 12. Rg1 Bxf4 13. Rxg4 Bh6 14. Ne5 O-O 15.
Nc5 Bd5 16. Qc2 Bxc4 17. Qxc4 Qd5 18. Qxd5 exd5 19. Ke2 f6 20. Ned3 a5 21. Ne6
Rf7 22. Rag1 c6 23. a3 Na6 24. Rc1 Rc8 25. Rgg1 Ra7 26. Nec5 bxa3 27. bxa3 Kf7
28. Nxa6 Rxa6 29. Rb1 Ra7 30. Rh1 Ke7 31. a4 Kd6 32. Nc5 Re8 33. Nd3 Kc7 34. Rb3
Rb7 35. Rxb7+ Kxb7 36. Nc5+ Ka7 37. Rg1 Rb8 38. Ne6 Re8 39. Nc5 Rb8 40. Kf3 Re8
41. Nb3 Kb6 42. Rb1 Re7 43. Rh1 f5 44. Nc5 Bg5 45. Rg1 h6 46. Nd3 Re6 47. Rb1+
Ka7 48. Rb7+ Kxb7 49. Nc5+ Kc8 50. Nxe6 Kd7 51. Nxg7 f4 52. e4 Ke7 53. e5 Kf7
54. Nf5 Ke6 55. Nd6 Bd8 56. Kxf4 Bb6 57. Nf5 c5 58. dxc5 Bxc5 59. Nxh6 d4 60.
Ke4 d3 61. Kxd3 Kxe5 62. Ng4+ Kf5 63. h6 Bf8 64. h7 Bg7 65. Ne3+ Kg6 66. Nc4
Kxh7 67. Nxa5 Kg6 68. Nc6 1-0

[Event "78th ch-RUS 2025"]
[Site "Moscow RUS"]
[Date "2025.10.11"]
[Round "10.2"]
[White "Zvjaginsev, Vadim"]
[Black "Uskov, Artem"]
[Result "1/2-1/2"]
[WhiteTitle "GM"]
[BlackTitle "GM"]
[WhiteElo "2528"]
[BlackElo "2498"]
[WhiteFideId "4113403"]
[BlackFideId "34254854"]
[EventDate "2025.10.01"]

1. c4 e5 2. g3 c6 3. d4 e4 4. d5 Bb4+ 5. Bd2 Qe7 6. Bxb4 Qxb4+ 7. Qd2 Qxc4 8.
Nc3 Nf6 9. e3 Qc5 10. Rc1 Qa5 11. Bg2 Na6 12. Nxe4 Qxd2+ 13. Kxd2 Nxd5 14. Nd6+
Ke7 15. Nf5+ Kf6 16. Bxd5 cxd5 17. Nd6 Ke7 18. Nf5+ Kf6 19. Nd6 Ke7 20. Nf5+ Kf6
21. Nd6 1/2-1/2

[Event "78th ch-RUS 2025"]
[Site "Moscow RUS"]
[Date "2025.10.11"]
[Round "10.3"]
[White "Ponkratov, Pavel"]
[Black "Iljiushenok, Ilia"]
[Result "1/2-1/2"]
[WhiteTitle "GM"]
[BlackTitle "GM"]
[WhiteElo "2586"]
[BlackElo "2514"]
[WhiteFideId "4157800"]
[BlackFideId "24105074"]
[EventDate "2025.10.01"]

1. c4 Nf6 2. Nc3 c5 3. Nf3 Nc6 4. d4 cxd4 5. Nxd4 e6 6. g3 Qb6 7. Nb3 Ne5 8. e4
Bb4 9. Qe2 a5 10. f4 Neg4 11. c5 Qc6 12. Bd2 Bxc3 13. Bxc3 Nxe4 14. Bg2 f5 15.
Bxg7 Rg8 16. Bd4 b6 17. Nd2 bxc5 18. Nxe4 fxe4 19. Rc1 Rb8 20. Bxe4 Qa4 21. Bxc5
Rxb2 22. Qc4 Qxc4 23. Rxc4 Ba6 24. Bd4 Rxa2 25. Rc2 Ra4 26. Rd2 e5 27. fxe5 Nxe5
28. Kd1 Nc4 29. Re1 Kd8 30. Bxh7 Nxd2 31. Bf6+ Kc7 32. Bxg8 Nf3 33. Re3 Nxh2 34.
Be5+ d6 35. Bf4 Rd4+ 36. Kc2 Ng4 37. Re7+ Kc6 38. Ra7 Bc4 39. Kc3 Rxf4 40. Bxc4
Rf3+ 41. Kd4 Rxg3 1/2-1/2

[Event "78th ch-RUS 2025"]
[Site "Moscow RUS"]
[Date "2025.10.11"]
[Round "10.4"]
[White "Zemlyanskii, Ivan"]
[Black "Lobanov, Sergei"]
[Result "0-1"]
[WhiteTitle "GM"]
[BlackTitle "GM"]
[WhiteElo "2596"]
[BlackElo "2526"]
[WhiteFideId "24249971"]
[BlackFideId "24183750"]
[EventDate "2025.10.01"]

1. e4 e5 2. Nf3 Nc6 3. Bc4 Bc5 4. c3 Nf6 5. d3 d6 6. Bg5 h6 7. Bh4 a5 8. Nbd2
Ba7 9. Nf1 g5 10. Bg3 Bd7 11. Ne3 Ne7 12. a4 Ng6 13. h4 g4 14. Nh2 h5 15. Qd2
Bc6 16. O-O Qd7 17. Rae1 O-O-O 18. Nd5 Bxd5 19. exd5 Ne7 20. Bb5 c6 21. dxc6
bxc6 22. Ba6+ Kb8 23. b4 Nfd5 24. Kh1 f5 25. f4 exf4 26. Bxf4 Nxf4 27. Qxf4 Nd5
28. Qd2 axb4 29. cxb4 Bd4 30. Rb1 f4 31. Bc4 Be3 32. b5 Bxd2 33. bxc6+ Ka7 34.
cxd7 Nc3 35. Rb2 Be3 36. Rc2 d5 37. Rxc3 dxc4 38. Rxc4 Rxd7 39. Rd1 Rf8 0-1

[Event "78th ch-RUS 2025"]
[Site "Moscow RUS"]
[Date "2025.10.11"]
[Round "10.5"]
[White "Nesterov, Arseniy"]
[Black "Artemiev, Vladislav"]
[Result "1/2-1/2"]
[WhiteTitle "GM"]
[BlackTitle "GM"]
[WhiteElo "2584"]
[BlackElo "2646"]
[WhiteFideId "24198455"]
[BlackFideId "24101605"]
[EventDate "2025.10.01"]

1. d4 Nf6 2. c4 e6 3. Nf3 d5 4. Nc3 Bb4 5. Bg5 h6 6. Bxf6 Qxf6 7. e3 O-O 8. Rc1
Nd7 9. a3 Bxc3+ 10. Rxc3 c6 11. Bd3 e5 12. cxd5 cxd5 13. dxe5 Nxe5 14. Nxe5 Qxe5
15. O-O Bd7 16. Qd2 Rac8 17. Rfc1 Rxc3 18. Qxc3 Qxc3 19. Rxc3 Rc8 20. Rxc8+ Bxc8
21. Kf1 Kf8 22. Ke2 Ke7 23. Kd2 Kd6 24. Kc3 b6 25. Kd4 a5 26. Bc2 Bb7 27. g3 g5
28. f4 f6 29. b4 axb4 30. axb4 Bc6 31. Bb3 Ba8 32. Bd1 Bb7 33. Bh5 Bc6 34. Bf3
Ke6 35. Bd1 Kd6 36. Bb3 Ba8 37. Bc2 Bc6 38. Bh7 Bb7 39. Bg8 Bc6 40. Bf7 Ba8 41.
b5 Bb7 42. Bg8 Ba8 43. Bh7 Bb7 44. Bf5 Ba8 45. h4 gxh4 46. gxh4 Bb7 47. Bg4 1/2-1/2

[Event "78th ch-RUS 2025"]
[Site "Moscow RUS"]
[Date "2025.10.11"]
[Round "10.6"]
[White "Dubov, Daniil"]
[Black "Esipenko, Andrey"]
[Result "1/2-1/2"]
[WhiteTitle "GM"]
[BlackTitle "GM"]
[WhiteElo "2684"]
[BlackElo "2693"]
[WhiteFideId "24126055"]
[BlackFideId "24175439"]
[EventDate "2025.10.01"]

1. d4 d5 2. c4 e6 3. Nc3 Be7 4. cxd5 exd5 5. Bf4 Nf6 6. e3 O-O 7. Bd3 c5 8. Nge2
Nc6 9. O-O cxd4 10. Nxd4 Nxd4 11. exd4 Bg4 12. Qb3 Bd6 13. Bxd6 Qxd6 14. Rfe1
Bd7 15. Re5 Bc6 16. h3 Nd7 17. Re3 Rae8 18. Rae1 Rxe3 19. Rxe3 a6 20. Qc2 g6 21.
Ne2 Rc8 22. Qd2 Nf8 23. a3 Ne6 24. h4 Qd8 25. h5 Qf6 26. Qb4 Kg7 27. Qd6 Rd8 28.
Qb4 Rc8 29. Rf3 Qg5 30. hxg6 hxg6 31. Rg3 Qf6 32. Rf3 Qg5 33. Rg3 Qf6 34. Rf3
Qg5 35. Rg3 Qf6 36. Rf3 Qg5 37. Rg3 Qf6 38. Rf3 Qg5 39. Rg3 Qf6 40. Rf3 Qg5 41.
Rg3 1/2-1/2

[Event "78th ch-RUS 2025"]
[Site "Moscow RUS"]
[Date "2025.10.12"]
[Round "11.1"]
[White "Esipenko, Andrey"]
[Black "Vetokhin, Savva"]
[Result "1/2-1/2"]
[WhiteTitle "GM"]
[BlackTitle "GM"]
[WhiteElo "2693"]
[BlackElo "2569"]
[WhiteFideId "24175439"]
[BlackFideId "44144474"]
[EventDate "2025.10.01"]

1. d4 d5 2. c4 e6 3. Nc3 Nf6 4. cxd5 exd5 5. Bg5 Bb4 6. Qa4+ Nc6 7. e3 h6 8.
Bxf6 Qxf6 9. Ne2 O-O 10. Nf4 Qd6 11. a3 Bxc3+ 12. bxc3 b6 13. Bd3 Nd8 14. c4
dxc4 15. Bxc4 Ne6 16. Nxe6 Bxe6 17. Bxe6 Qxe6 18. Rc1 Qe4 19. O-O c5 20. Rc4
cxd4 21. Rxd4 Qe8 22. Rd7 a5 23. Rfd1 Rd8 24. g3 Rxd7 25. Rxd7 Qe6 26. Qd4 Rc8
27. Rd6 Qb3 28. Qxb6 Qxb6 29. Rxb6 Rc3 30. h4 Rxa3 31. Rb8+ Kh7 32. Rb7 Kg8 33.
Rb8+ Kh7 34. Rb7 Kg8 35. Rb8+ Kh7 36. Rb7 1/2-1/2

[Event "78th ch-RUS 2025"]
[Site "Moscow RUS"]
[Date "2025.10.12"]
[Round "11.2"]
[White "Artemiev, Vladislav"]
[Black "Dubov, Daniil"]
[Result "1/2-1/2"]
[WhiteTitle "GM"]
[BlackTitle "GM"]
[WhiteElo "2646"]
[BlackElo "2684"]
[WhiteFideId "24101605"]
[BlackFideId "24126055"]
[EventDate "2025.10.01"]

1. d4 Nf6 2. c4 g6 3. g3 Bg7 4. Bg2 O-O 5. Nf3 d6 6. Nc3 a5 7. O-O Bf5 8. b3 Ne4
9. Bb2 Nxc3 10. Bxc3 e5 11. dxe5 Nc6 12. Nd4 Nxd4 13. Qxd4 Bxe5 14. Qd2 Bxc3 15.
Qxc3 Qc8 16. Rfe1 Re8 17. e4 Bh3 18. e5 Bxg2 19. Kxg2 dxe5 20. Rxe5 Rxe5 21.
Qxe5 Qd7 22. Re1 Qc6+ 23. Kg1 a4 24. h4 axb3 25. axb3 h5 26. Qf4 Kg7 27. Qe5+
Kg8 28. Qf4 Kg7 29. Qe5+ Kg8 1/2-1/2

[Event "78th ch-RUS 2025"]
[Site "Moscow RUS"]
[Date "2025.10.12"]
[Round "11.3"]
[White "Lobanov, Sergei"]
[Black "Nesterov, Arseniy"]
[Result "1/2-1/2"]
[WhiteTitle "GM"]
[BlackTitle "GM"]
[WhiteElo "2526"]
[BlackElo "2584"]
[WhiteFideId "24183750"]
[BlackFideId "24198455"]
[EventDate "2025.10.01"]

1. Nf3 d5 2. g3 Nf6 3. Bg2 e6 4. O-O Be7 5. d3 O-O 6. Nc3 Nc6 7. e4 dxe4 8. dxe4
e5 9. h3 Be6 10. Qe2 Qc8 11. Kh2 Rd8 12. b3 h6 13. Bb2 a6 14. Rad1 Rd6 15. Nb1
Rxd1 16. Rxd1 Nd7 17. Nc3 Qf8 18. Nd5 Bd6 19. Nh4 g6 20. Nf3 Rd8 21. h4 Bg4 22.
Bh3 Bxh3 23. Kxh3 h5 24. Kg2 f6 25. Nd2 Nb6 26. f4 Nxd5 27. exd5 Ne7 28. Ne4 Nf5
29. fxe5 Bxe5 30. Bxe5 fxe5 31. Ng5 Qd6 32. Qe4 c6 33. c4 Qf6 34. Nf3 Kg7 35.
Kh3 Nd6 36. Qxe5 Qxe5 37. Nxe5 Kf6 38. Nf3 Ne4 39. Re1 cxd5 40. cxd5 Re8 41. Kg2
Re7 42. Re3 Nc5 43. Kf2 Ne4+ 44. Kg2 Nc5 45. Rxe7 Kxe7 46. Nd4 Kd6 47. Ne2 Nd3
48. Kf3 Kxd5 49. Ke3 Nb4 50. Nf4+ Ke5 51. Nxg6+ Kf5 52. Nf4 Kg4 53. a4 Kxg3 54.
Nxh5+ Kxh4 55. Nf4 Kg5 56. Ke4 b5 57. axb5 axb5 58. Ne2 Kf6 59. Kd4 Ke6 60. Kc5
Nc2 61. Kxb5 Na1 62. Nd4+ Kd5 63. b4 Kxd4 64. Kc6 Nc2 65. b5 Na3 66. b6 Nc4 67.
b7 Na5+ 68. Kc7 Nxb7 1/2-1/2

[Event "78th ch-RUS 2025"]
[Site "Moscow RUS"]
[Date "2025.10.12"]
[Round "11.4"]
[White "Malakhov, Vladimir"]
[Black "Zvjaginsev, Vadim"]
[Result "1/2-1/2"]
[WhiteTitle "GM"]
[BlackTitle "GM"]
[WhiteElo "2643"]
[BlackElo "2528"]
[WhiteFideId "4120787"]
[BlackFideId "4113403"]
[EventDate "2025.10.01"]

1. Nf3 c5 2. c4 Nf6 3. Nc3 Nc6 4. e3 g6 5. d4 cxd4 6. exd4 d5 7. cxd5 Nxd5 8.
Qb3 e6 9. Bg5 Be7 10. Bh6 Bf8 11. Bg5 Be7 12. Bh6 Bf8 13. Bg5 1/2-1/2

[Event "78th ch-RUS 2025"]
[Site "Moscow RUS"]
[Date "2025.10.12"]
[Round "11.5"]
[White "Uskov, Artem"]
[Black "Ponkratov, Pavel"]
[Result "1/2-1/2"]
[WhiteTitle "GM"]
[BlackTitle "GM"]
[WhiteElo "2498"]
[BlackElo "2586"]
[WhiteFideId "34254854"]
[BlackFideId "4157800"]
[EventDate "2025.10.01"]

1. e4 c5 2. Nf3 d6 3. d4 cxd4 4. Nxd4 Nf6 5. Nc3 a6 6. Be3 e5 7. Nb3 Be7 8. h3
h6 9. Qd2 Be6 10. O-O-O b5 11. Kb1 Nbd7 12. f4 Qc7 13. Nd5 Bxd5 14. exd5 O-O 15.
g4 exf4 16. Bxf4 Nb6 17. Qg2 Rac8 18. Rh2 a5 19. g5 hxg5 20. Bxg5 Nfxd5 21. Rxd5
Nxd5 22. Qxd5 Bxg5 23. Qxg5 Rfe8 24. Rg2 g6 25. Qd2 Re5 26. Bd3 b4 27. Bxg6 fxg6
28. Rxg6+ Kf7 29. Rxd6 Ke8 30. Rg6 Qf7 31. Qg2 Re1+ 32. Nc1 Kf8 33. Rd6 Qf4 34.
Rd2 Rf1 35. Qd5 Rc7 36. Qd8+ Kg7 37. Rg2+ Kh6 38. Rd2 Kh7 39. Rd1 Rxd1 40. Qxd1
Qf5 41. Qd3 Qxd3 42. Nxd3 Kg6 43. a3 bxa3 44. b3 Kf5 45. Ka2 Rxc2+ 46. Kxa3 Ke4
47. Nb2 1/2-1/2

[Event "78th ch-RUS 2025"]
[Site "Moscow RUS"]
[Date "2025.10.12"]
[Round "11.6"]
[White "Iljiushenok, Ilia"]
[Black "Zemlyanskii, Ivan"]
[Result "1/2-1/2"]
[WhiteTitle "GM"]
[BlackTitle "GM"]
[WhiteElo "2514"]
[BlackElo "2596"]
[WhiteFideId "24105074"]
[BlackFideId "24249971"]
[EventDate "2025.10.01"]

1. e4 d5 2. exd5 Qxd5 3. Nc3 Qa5 4. d4 Nf6 5. Nf3 g6 6. Bd2 Bg7 7. Bc4 c5 8. Ne4
Qc7 9. Nxc5 O-O 10. Be2 Nc6 11. Nd3 Nd7 12. c3 e5 13. dxe5 Ndxe5 14. Ndxe5 Nxe5
15. O-O Be6 16. Nd4 Bd5 17. Qc1 Rfe8 18. Bh6 Bxh6 19. Qxh6 Nc6 20. Bf3 Nxd4 21.
Bxd5 Ne2+ 22. Kh1 Nf4 23. Bf3 Rad8 24. Rad1 Nd3 25. Rd2 Qb6 26. h3 Nxb2 27. Rb1
Rxd2 28. Qxd2 Nc4 29. Rxb6 Nxd2 30. Rxb7 Re1+ 31. Kh2 Nf1+ 32. Kg1 Ng3+ 33. Kh2
Nf1+ 34. Kg1 Ng3+ 35. Kh2 Nf1+ 36. Kg1 1/2-1/2